| 000 | 00424nam a2200145 i 4500 | ||
|---|---|---|---|
| 001 | 82111 | ||
| 003 | ES-MaACL | ||
| 007 | t| | ||
| 008 | 041123q1906 fr ||||1| fre d | ||
| 100 | 1 |
_aGrand-Carteret, John. _959569 |
|
| 245 | 1 | 0 | _aNicolas, ange de la paix, empereur du knout, devant l'objectif caricatural... |
| 260 |
_aParis : _bL. Michaud, _c[1906 ?] |
||
| 300 |
_a286 p. : _bil. ; _c18 cm. |
||
| 852 |
_aES-MaACL _jC-947 |
||
| 999 |
_c82111 _d82111 |
||